Patterns of work in the post-Fordist era : (Record no. 18341)
[ view plain ]
| 000 -LEADER | |
|---|---|
| fixed length control field | 01252cam a2200337 a 4500 |
| 005 - DATE AND TIME OF LATEST TRANSACTION | |
| control field | 20230515095359.0 |
| 008 - FIXED-LENGTH DATA ELEMENTS--GENERAL INFORMATION | |
| fixed length control field | 060707s2006 enka b 001 0 eng |
| 010 ## - LIBRARY OF CONGRESS CONTROL NUMBER | |
| LC control number | 2006048514 |
| 015 ## - NATIONAL BIBLIOGRAPHY NUMBER | |
| National bibliography number | GBA640917 |
| Source | bnb |
| 016 7# - NATIONAL BIBLIOGRAPHIC AGENCY CONTROL NUMBER | |
| Record control number | 013448160 |
| Source | Uk |
| 020 ## - INTERNATIONAL STANDARD BOOK NUMBER | |
| ISBN | 1845423240 |
| 020 ## - INTERNATIONAL STANDARD BOOK NUMBER | |
| ISBN | 9781845423247 |
| 035 ## - SYSTEM CONTROL NUMBER | |
| System control number | (OCoLC)ocm70660358 |
| 040 ## - CATALOGING SOURCE | |
| Original cataloging agency | DLC |
| Transcribing agency | DLC |
| Modifying agency | BAKER |
| -- | UKM |
| -- | C#P |
| -- | YDXCP |
| -- | DLC |
| 050 00 - LIBRARY OF CONGRESS CALL NUMBER | |
| Classification number | HD58.8 |
| Item number | .P369 2006 |
| 082 00 - DEWEY DECIMAL CLASSIFICATION NUMBER | |
| Classification number | 331 |
| Edition number | 22 |
| 245 00 - TITLE STATEMENT | |
| Title | Patterns of work in the post-Fordist era : |
| Remainder of title | Fordism and post-Fordism / |
| Statement of responsibility, etc. | edited by Huw Beynon and Theo Nichols. |
| 260 ## - PUBLICATION, DISTRIBUTION, ETC. | |
| Place of Publication | Cheltenham, UK ; |
| -- | Northampton, MA : |
| Name of publisher, distributor, etc. | Edward Elgar Pub., |
| Date of publication, distribution, etc. | c2006. |
| 300 ## - PHYSICAL DESCRIPTION | |
| Pages | 2 v. : |
| 490 ## - SERIES STATEMENT | |
| Volume | Vol-1 |
| 500 ## - GENERAL NOTE | |
| General note | Includes bibliographical references and indexes. |
| 504 ## - BIBLIOGRAPHY, ETC. NOTE | |
| Bibliography, etc. note | Includes bibliographical references and indexes. |
| 650 #0 - SUBJECT ADDED ENTRY--TOPICAL TERM | |
| Subject / Department | Organizational change. |
| 650 #0 - SUBJECT ADDED ENTRY--TOPICAL TERM | |
| Subject / Department | Industrial organization. |
| 650 #0 - SUBJECT ADDED ENTRY--TOPICAL TERM | |
| Subject / Department | Industrial relations. |
| 700 1# - ADDED ENTRY--PERSONAL NAME | |
| Personal name | Beynon, Huw. |
| 700 1# - ADDED ENTRY--PERSONAL NAME | |
| Personal name | Nichols, Theo. |
| 300 ## - PHYSICAL DESCRIPTION | |
| -- | ill. ; |
| -- | 26 cm. |
| 906 ## - LOCAL DATA ELEMENT F, LDF (RLIN) | |
| a | 7 |
| b | cbc |
| c | orignew |
| d | 1 |
| e | ocip |
| f | 20 |
| g | y-gencatlg |
No items available.
